The Amazing Devil - The Horror and the Wild Lyrics - Statistics

General Stats
  • This quiz has been taken 9 times
  • The average score is 379 of 395
Answer Stats
Hint Answer % Correct
all
100%
All
100%
am
100%
and
100%
And
100%
are
100%
as
100%
ask
100%
back
100%
be
100%
bed
100%
beneath
100%
blind
100%
blinking)
100%
bring
100%
but
100%
by
100%
called
100%
child
100%
comes
100%
daughter
100%
day
100%
Day
100%
deep
100%
don't
100%
down
100%
dressing
100%
drinking
100%
drunk
100%
Every
100%
every
100%
fingers
100%
Give
100%
hair
100%
hear
100%
heart
100%
horrors
100%
hours
100%
How
100%
howling
100%
I
100%
I'd
100%
in
100%
into
100%
it
100%
itself
100%
kings
100%
let
100%
man
100%
me
100%
mean
100%
my
100%
night
100%
of
100%
old
100%
passed
100%
play
100%
promise
100%
promised
100%
(Promised
100%
Bridge | Pre-Chorus Remember
100%
remember
100%
said
100%
silent
100%
sing
100%
sinking)
100%
slow
100%
stones
100%
(Sunk
100%
that
100%
the
100%
them
100%
They
100%
thing
100%
Chorus Think
100%
through
100%
time
100%
Time
100%
to
100%
turn
100%
us
100%
(We
100%
were
100%
We're
100%
Wild
100%
will
100%
wingless
100%
Witness
100%
words
100%
Verse 1 | Verse 2 You
100%
you
100%
you)
100%
your
100%
You're
100%
asking
83%
at
83%
box
83%
cold
83%
dear
83%
driftwood
83%
fears
83%
fluttering
83%
forever
83%
Fret
83%
god
83%
hunger
83%
hurl
83%
just
83%
mutterings
83%
night
83%
not
83%
screaming
83%
son
83%
stars
83%
steal
83%
still
83%
storm
83%
table
83%
their
83%
they'll
83%
thought
83%
thunder
83%
up
83%
voices
83%
watch
83%
watching
83%
Welcome
83%
wings
83%
wolves
83%
wonderment
83%
yours
83%
best
67%
between
67%
can
67%
could
67%
fundaments
67%
might
67%
more
67%
page
67%
pray
67%
raised
67%
rift
67%
space
67%
that's
67%
things
67%
understand
67%
was
67%
bold
50%
chord
50%
oh
50%
screen
50%
three
50%
lord
33%
No matching quizzes found
Score Distribution
Percent of People with Each Score
Percentile by Number Answered
Your Score History
You have not taken this quiz